Normal view
MARC view
- KING, GORDON J
Entry Personal Name
001 - CONTROL NUMBER
- control field: 74950
003 - CONTROL NUMBER IDENTIFIER
- control field: NUST
005 - DATE AND TIME OF LATEST TRANSACTION
- control field: 20210628205325.0
008 - FIXED-LENGTH DATA ELEMENTS
- fixed length control field: 210628|| aca||aabn | a|a d
040 ## - CATALOGING SOURCE
- Original cataloging agency: NUST
- Transcribing agency: NUST
100 ## - HEADING--PERSONAL NAME
- Personal name: KING, GORDON J
670 ## - SOURCE DATA FOUND
- Source citation: Work cat.: (NUST): KING, GORDON J, SERVICING RADIO HI FI AND TV EQUIPMENT, 1982
